Statistics for Movie Trivia

Click here to take the quiz!

General Stats

  • This quiz has been taken 120 times
  • The average score is 9 of 15

Answer Stats

HintAnswer% Correct
How many Pirates of the Caribbean movies are there?5
96%
Avenger who uses the catch phrase "______ smash"Hulk
87%
What character is cowardly in The Wizard of OzLion
85%
Known as "the boy who lived"Harry Potter
81%
Movie that has the song "a whole new world"Aladdin
78%
What is Darth Vader's real name?Anakin
77%
Romance movie with Rachel McAdams and Ryan GoslingThe Notebook
77%
What is the name of the yellow transformer?Bumblebee
76%
What movie has the famous quote "on wednesdays we were pink"Mean Girls
73%
Who plays the character of Ren in the original Footloose?Kevin Bacon
38%
Disney movie "The ________ Protection Program"Princess
34%
Main character's name in the disney movie "Holes"Stanley
31%
Marty McFly wears what article of clothing throughout the Back to the Future movies?A vest
29%
Who is Ferris Bueller's best friend?Cameron Frye
6%
What was the name of Demi Lovato's character in Camp RockMitchie Torres
6%

Score Distribution

Percentile by Number Answered

Percent of People with Each Score

Your Score History

You have not taken this quiz